UEFA Champions League Team of the Season 2014/15 - Statistics

General Stats
  • This quiz has been taken 435 times
  • The average score is 15 of 18
Answer Stats
Hint Answer % Correct
Gianluigi Buffon
98%
Cristiano Ronaldo
97%
Lionel Messi
97%
Gerard Piqué
95%
Luis Suárez
93%
Neymar
93%
Andrés Iniesta
92%
Marc-Ándre ter Stegen
92%
Jordi Alba
85%
Sergio Busquets
85%
Toni Kroos
83%
Giorgio Chiellini
78%
Ivan Rakitić
75%
Andrea Pirlo
74%
Javier Mascherano
63%
Álvaro Morata
60%
Claudio Marchisio
53%
Branislav Ivanović
41%
No matching quizzes found
Score Distribution
Percent of People with Each Score
Percentile by Number Answered
Your Score History
You have not taken this quiz